Študujúci a absolventi na verejných vysokých školách v rokoch 2002-2007
Kvantitatívne charakteristiky štúdia na vysokých školách. Vývoj počtu absolventov verejných vysokých škôl z hľadiska kvantity. Vývoj za roky 2002-2007 je dokumentovaný na niekoľkých tabuľkách a grafoch, s ohľadom na stupeň, formu štúdia a na študijné odbory.
Salvato in:
| Autore principale: | |
|---|---|
| Natura: | Capitolo di libro |
| Lingua: | slovacco |
| Soggetti: | |
| Tags: |
Nessun Tag, puoi essere il primo ad aggiungerne!!
|
MARC
| LEADER | 00000naa$a2200000$$$4500 | ||
|---|---|---|---|
| 001 | 0080866 | ||
| 005 | 20231114072735.3 | ||
| 041 | 0 | |a slo | |
| 044 | |a SK | ||
| 245 | 1 | 0 | |a Študujúci a absolventi na verejných vysokých školách v rokoch 2002-2007 |c Júlia Hrušovská |
| 520 | |a Kvantitatívne charakteristiky štúdia na vysokých školách. Vývoj počtu absolventov verejných vysokých škôl z hľadiska kvantity. Vývoj za roky 2002-2007 je dokumentovaný na niekoľkých tabuľkách a grafoch, s ohľadom na stupeň, formu štúdia a na študijné odbory. | ||
| 610 | 2 | 0 | |a študenti |
| 610 | 2 | 0 | |a absolventi |
| 610 | 2 | 0 | |a školy vysoké |
| 610 | 2 | 0 | |a štúdium vysokoškolské |
| 100 | 1 | |a Hrušovská, Júlia | |